Psychológia masových vrahov

Saved in:
Bibliographic Details
Main Author Drbohlav, Andrej
Format Electronic eBook
LanguageCzech
Published Grada SK 2022
Edition1. elektronické vydání
Subjects
Online AccessDostupné v BOOKPORT po přihlášení pomocí eduID
ISBN978-80-8090-280-3
978-80-8090-279-7
Physical Description1 online zdroj (312 stran)

Cover

LEADER 00000nam a2200000 i 4500
001 bkp100120
003 CZ-prgp
005 20230328122202.0
006 m o d
007 cr cn
008 230328s2022 xr o 000 0 cze
020 |a 978-80-8090-280-3  |c 542 Kč  |q (online ; pdf) 
020 |a 978-80-8090-279-7  |c 637 Kč  |q (print) 
040 |a Grada  |b cze  |e rda 
100 1 |a Drbohlav, Andrej 
245 1 0 |a Psychológia masových vrahov  |c Andrej Drbohlav 
250 |a 1. elektronické vydání 
264 1 |b Grada SK  |c 2022 
300 |a 1 online zdroj (312 stran) 
336 |a text  |b txt  |2 rdacontent 
337 |a počítač  |b c  |2 rdamedia 
338 |a online zdroj  |b cr  |2 rdacarrier 
520 3 |a Psychopatológ a behaviorálny patológ Dr. Andrej Drbohlav sa opäť vydáva na cestu k temným hraniciam duše. Predstavuje masového vraha, ktorý myslí inak, žije inak, inak pácha zlo, má iné motívy, ale predovšetkým sa už od detstva úplne inak vyvíja. Na konkrétnych prípadoch poukazuje, že zlo nesmieme prehliadať, pretože je veľmi nákazlivé. 
650 0 4 |a Psychologie odborná 
856 4 0 |u https://www.bookport.cz/AccountSaml/SignIn/?idp=https://shibboleth.utb.cz/idp/shibboleth&returnUrl=/kniha/psychologia-masovych-vrahov-11722/  |y Dostupné v BOOKPORT po přihlášení pomocí eduID